000 00520nam a22001817a 4500
999 _c3260
_d3260
003 AR-CdUCM
008 190306b ||||| |||| 00| 0 spa d
040 _aMUNICIPALIDAD PROVINCIAL DEL CUSCO
_cBIBLIOTECA MUNICIPAL DEL CUSCO
082 _22ed.
_a828.92 /
_bH97
100 _aHuxley, Aldous
_91405
245 _aViejo muere el cisne /
260 _aArgentina :
_bLosada,
_c1950.
300 _a298 páginas ;
_c18 cm.
650 _aNovelas inglesas
_91158
650 _aSiglo XX
_98
942 _2ddc
_cLIBROS
945 _aafb